Diablo Classes - Statistics

General Stats
  • This quiz has been taken 299 times
  • The average score is 9 of 16
Answer Stats
Hint Answer % Correct
Warrior of the North Barbarian
93%
Jungle practioner of (re)animation Necromancer
77%
Zakarum holy warrior Paladin
76%
Uses spells rather than weapons Wizard
73%
Maiden from Jungle Island Amazon
67%
Cousin to ^ Druid
67%
Worships 1001 gods, but shouts alot about Ytan Monk
63%
In Lore, also known as one of Leorics' sons Warrior
59%
Walker of the Unseen Realm Witch Doctor
57%
Viz'jeri or Mage Slayer Assassin
54%
Lone survivor using shadow Powers Demon Hunter
53%
Related to the Sisterhood of the Sightless Eye Rogue
52%
Controller of the Elements Sorceress
51%
After Areats' Exposion, wanderer of the wastes Barbarian_2
6%
Mystical Student gone rogue from Caldium Wizard_2
5%
Different kind of holy warrior Crusaider
4%
No matching quizzes found
Score Distribution
Percent of People with Each Score
Percentile by Number Answered
Your Score History
You have not taken this quiz